Comuni delle Marche (con mappa) - Statistics

Statistiche generali
  • Questo quiz è stato fatto 2.280 volte
  • Il punteggio medio è 62 su 225
Risposte nella Mappa
Le risposte nella mappa del quiz sottostante sono codificate secondo una scala di colori dal rosso al verde in base alla % di persone che hanno risposto correttamente.
 
Statistiche sulle risposte
Comune % Corretto
Ancona
94%
Pesaro
92%
Ascoli Piceno
91%
Urbino
91%
Macerata
90%
Fermo
89%
San Benedetto del Tronto
82%
Fano
80%
Senigallia
75%
Jesi
74%
Recanati
72%
Civitanova Marche
70%
Fabriano
69%
Porto Recanati
67%
Porto Sant'Elpidio
64%
Osimo
61%
Porto San Giorgio
61%
Loreto
58%
Camerino
57%
Falconara Marittima
57%
Grottammare
57%
Numana
56%
Arquata del Tronto
53%
Gabicce Mare
53%
Sirolo
52%
Castelfidardo
48%
Potenza Picena
48%
Matelica
47%
Pedaso
47%
Tolentino
47%
Cupra Marittima
45%
San Severino Marche
44%
Mondolfo
43%
Offida
42%
Cingoli
41%
Fossombrone
41%
Gradara
40%
Amandola
39%
Cagli
39%
Camerano
39%
Sant'Elpidio a Mare
39%
Acquasanta Terme
37%
Chiaravalle
37%
Corridonia
37%
Visso
37%
Comunanza
36%
Montegranaro
36%
Sassoferrato
36%
Urbania
36%
Montemarciano
35%
Ripatransone
35%
Tavullia
35%
Corinaldo
34%
Genga
34%
Appignano
33%
Fiastra
33%
Filottrano
33%
Treia
33%
Ussita
33%
Cupramontana
32%
Montecosaro
32%
Monteprandone
32%
Castelsantangelo sul Nera
31%
Montelupone
31%
Montemonaco
31%
Monte Urano
31%
Altidona
30%
Arcevia
30%
Castel di Lama
30%
Urbisaglia
30%
Acquaviva Picena
29%
Apiro
29%
Cerreto d'Esi
29%
Pergola
29%
Sarnano
29%
Acqualagna
28%
Colli del Tronto
28%
Fermignano
28%
Bolognola
27%
Campofilone
27%
Castelraimondo
27%
Massignano
27%
Montefortino
27%
Montegallo
27%
Montegiorgio
27%
Offagna
27%
Esanatoglia
26%
Morrovalle
26%
Caldarola
25%
Grottazzolina
25%
Monsampolo del Tronto
25%
Roccafluvione
25%
Serra San Quirico
25%
Serravalle di Chienti
25%
Servigliano
25%
Spinetoli
25%
Folignano
24%
Montalto delle Marche
24%
Montefiore dell'Aso
24%
Muccia
24%
Ostra
24%
San Ginesio
24%
Belforte del Chienti
23%
Montecassiano
23%
Monte San Giusto
23%
Pollenza
23%
Venarotta
23%
Carassai
22%
Fiuminata
22%
Montefano
22%
Camerata Picena
21%
Cantiano
21%
Castelplanio
21%
Castignano
21%
Castorano
21%
Maltignano
21%
Monte Vidon Combatte
21%
Petritoli
21%
Pioraco
21%
Polverigi
21%
Agugliano
20%
Appignano del Tronto
20%
Cossignano
20%
Gagliole
20%
Gualdo
20%
Lapedona
20%
Montedinove
20%
Monterubbiano
20%
Monte Vidon Corrado
20%
Ostra Vetere
20%
Pieve Torina
20%
Poggio San Vicino
20%
Apecchio
19%
Force
19%
Loro Piceno
19%
Maiolati Spontini
19%
Mercatello sul Metauro
19%
Mogliano
19%
Monte Cavallo
19%
Montefalcone Appennino
19%
Rotella
19%
Barbara
18%
Carpegna
18%
Monsano
18%
Montappone
18%
Ripe San Ginesio
18%
Sefro
18%
Serra de' Conti
18%
Staffolo
18%
Castelbellino
17%
Falerone
17%
Massa Fermana
17%
Mergo
17%
Montecarotto
17%
Monte Roberto
17%
Monte San Pietrangeli
17%
Montottone
17%
Petriolo
17%
Piobbico
17%
Rapagnano
17%
Serrapetrona
17%
Valfornace
17%
Vallefoglia
17%
Belvedere Ostrense
16%
Cessapalombo
16%
Colmurano
16%
Mondavio
16%
Montelparo
16%
Monte San Martino
16%
Palmiano
16%
San Marcello
16%
Sant'Angelo in Vado
16%
Santa Vittoria in Matenano
16%
Smerillo
16%
Camporotondo di Fiastrone
15%
Frontone
15%
Macerata Feltria
15%
Magliano di Tenna
15%
Monte Giberto
15%
Monteleone di Fermo
15%
Monte San Vito
15%
Morro d'Alba
15%
Ortezzano
15%
Penna San Giovanni
15%
San Lorenzo in Campo
15%
Serra Sant'Abbondio
15%
Trecastelli
15%
Belmonte Piceno
14%
Borgo Pace
14%
Colli al Metauro
14%
Francavilla d'Ete
14%
Moresco
14%
Rosora
14%
San Paolo di Jesi
14%
Santa Maria Nuova
14%
Sant'Angelo in Pontano
14%
Torre San Patrizio
14%
Monte Rinaldo
13%
Ponzano di Fermo
13%
Lunano
12%
Peglio
12%
Poggio San Marcello
12%
Sassocorvaro Auditore
12%
Cartoceto
11%
Castelleone di Suasa
11%
Frontino
11%
Mercatino Conca
11%
San Costanzo
11%
Tavoleto
11%
Fratte Rosa
10%
Monte Grimano Terme
10%
Montelabbate
10%
Terre Roveresche
10%
Belforte all'Isauro
9%
Monsampietro Morico
9%
Monte Porzio
9%
Pietrarubbia
9%
Sant'Ippolito
9%
Mombaroccio
8%
Montecalvo in Foglia
8%
Petriano
8%
Piandimeleto
8%
Isola del Piano
7%
Monte Cerignone
7%
Montefelcino
7%
Nessun quiz corrispondente trovato
Distribuzione punteggi
Percentuale di utenti per punteggio
Percentile per numero di risposta
I tuoi punteggi nel tempo
Non hai fatto questo quiz